[Event "Sri Lanka zt 3.1b"]
[Site "Sri Lanka"]
[Date "2001.05.10"]
[Round "7"]
[White "Ganguly, Surya Shekhar"]
[Black "Amarawickrama, Himan Udama"]
[Result "1-0"]
[WhiteElo "2456"]
[BlackElo "2140"]
[PlyCount "63"]
[EventDate "2001.05.??"]
[EventType "tourn"]
[EventRounds "11"]
[EventCountry "SRI"]
[EventCategory "5"]
[SourceTitle "EXT 2005"]
[Source "ChessBase"]
[SourceDate "2004.11.15"]
[SourceVersion "1"]
[SourceVersionDate "2004.11.15"]
[SourceQuality "1"]

1. e4 c5 2. Nf3 d6 3. d4 cxd4 4. Nxd4 Nf6 5. Nc3 Nc6 6. Be2 e6 7. 0-0 Be7 8. Be3 a6 9. f4 0-0 10. Qe1 Qc7 11. Qg3 Bd7 12. Rad1 b5 13. a3 Rac8 14. Kh1 b4 15. Nxc6 Bxc6 16. axb4 Nxe4 17. Nxe4 Bxe4 18. Bxa6 Ra8 19. Bd4 g6 20. Bd3 Bxd3 21. Qxd3 Rfc8 22. Ra1 e5 23. Rxa8 Rxa8 24. fxe5 d5 25. Qf3 Rf8 26. c3 Qc4 27. h3 Qb3 28. Qe2 Qa2 29. Kg1 Ra8 30. e6 Rf8 31. exf7+ Rxf7 32. Qe6 1-0

[Event "Sri Lanka zt 3.1b"]
[Site "Sri Lanka"]
[Date "2001.05.09"]
[Round "6"]
[White "Amarawickrama, Himan Udama"]
[Black "Sasikiran, Krishnan"]
[Result "0-1"]
[WhiteElo "2140"]
[BlackElo "2601"]
[PlyCount "62"]
[EventDate "2001.05.??"]
[EventType "tourn"]
[EventRounds "11"]
[EventCountry "SRI"]
[EventCategory "5"]
[SourceTitle "EXT 2005"]
[Source "ChessBase"]
[SourceDate "2004.11.15"]
[SourceVersion "1"]
[SourceVersionDate "2004.11.15"]
[SourceQuality "1"]

1. d4 Nf6 2. Nf3 g6 3. Bg5 Bg7 4. Nbd2 0-0 5. e4 d6 6. Be2 h6 7. Bh4 Qe8 8. 0-0 e5 9. dxe5 dxe5 10. Re1 Nbd7 11. Bf1 Nh5 12. Nc4 Nb6 13. Qd2 Bg4 14. Qc3 Nxc4 15. Bxc4 Qc6 16. Rad1 Nf4 17. Qb3 Be6 18. Bd5 Qb6 19. Qxb6 axb6 20. a3 Bxd5 21. exd5 f6 22. d6 c6 23. d7 Rfd8 24. Re3 b5 25. Rb3 g5 26. Bg3 Ne6 27. c4 Nc5 28. Rb4 bxc4 29. Nd2 Rxd7 30. Rxc4 Nb3 31. Rc2 Rad8 0-1

[Event "Madras zt"]
[Site "Madras"]
[Date "1995.??.??"]
[Round "7"]
[White "Amarawickrama, Himan Udama"]
[Black "Moussa, Othman"]
[Result "0-1"]
[WhiteElo "2000"]
[BlackElo "2185"]
[PlyCount "79"]
[EventDate "1995.??.??"]
[EventType "swiss"]
[EventRounds "11"]
[EventCountry "IND"]
[SourceTitle "EXT 1997"]
[Source "ChessBase"]
[SourceDate "1996.11.15"]
[SourceVersion "1"]
[SourceVersionDate "1996.11.15"]
[SourceQuality "1"]

1. d4 Nf6 2. c4 c5 3. d5 b5 4. cxb5 a6 5. e3 g6 6. Nc3 Bg7 7. a4 0-0 8. Bc4 axb5 9. Bxb5 Ba6 10. Nge2 d6 11. 0-0 Ne4 12. Ra3 Nxc3 13. Nxc3 Bxb5 14. Nxb5 Nd7 15. e4 Nb6 16. Qb3 Qd7 17. Bd2 Rfb8 18. Rfa1 h6 19. Qc2 Rxa4 20. Rxa4 Nxa4 21. Qxa4 Qxb5 22. Qxb5 Rxb5 23. Bc3 Bxc3 24. bxc3 Rb3 25. Rc1 g5 26. f3 Rb2 27. Re1 Rd2 28. Re3 Kg7 29. Kf1 Rc2 30. Kg1 Kf6 31. g3 Ke5 32. h4 Rd2 33. Kf1 Kf6 34. f4 Kg6 35. hxg5 hxg5 36. Ke1 Ra2 37. Re2 Rxe2+ 38. Kxe2 gxf4 39. gxf4 Kh5 40. Kf3 0-1

[Event "Madras zt"]
[Site "Madras"]
[Date "1995.??.??"]
[Round "9"]
[White "Amarawickrama, Himan Udama"]
[Black "Safai, Pejman"]
[Result "1-0"]
[WhiteElo "2200"]
[BlackElo "2000"]
[PlyCount "35"]
[EventDate "1995.??.??"]
[EventType "swiss"]
[EventRounds "11"]
[EventCountry "IND"]
[SourceTitle "EXT 1997"]
[Source "ChessBase"]
[SourceDate "1996.11.15"]
[SourceVersion "1"]
[SourceVersionDate "1996.11.15"]
[SourceQuality "1"]

1. d4 d5 2. c4 c6 3. Nf3 Nf6 4. Nc3 dxc4 5. a4 Na6 6. e4 Bg4 7. Bxc4 e6 8. 0-0 Be7 9. Be3 Nb4 10. Qb3 Bxf3 11. gxf3 Qa5 12. Kh1 Qh5 13. Be2 g5 14. Rg1 Rg8 15. Rg2 a5 16. Rag1 Nd7 17. f4 Qg6 18. Rxg5 1-0

[Event "Madras zt"]
[Site "Madras"]
[Date "1995.??.??"]
[Round "6"]
[White "Momeni, Hadi"]
[Black "Amarawickrama, Himan Udama"]
[Result "0-1"]
[WhiteElo "2350"]
[BlackElo "2000"]
[PlyCount "74"]
[EventDate "1995.??.??"]
[EventType "swiss"]
[EventRounds "11"]
[EventCountry "IND"]
[SourceTitle "EXT 1997"]
[Source "ChessBase"]
[SourceDate "1996.11.15"]
[SourceVersion "1"]
[SourceVersionDate "1996.11.15"]
[SourceQuality "1"]

1. e4 c5 2. Nf3 Nc6 3. d4 cxd4 4. Nxd4 Nf6 5. Nc3 d6 6. Bc4 Qb6 7. Nb3 e6 8. 0-0 a6 9. Be3 Qc7 10. Bd3 Be7 11. f4 b5 12. Qf3 Bb7 13. Qh3 Nb4 14. Rac1 e5 15. fxe5 dxe5 16. a3 Nxd3 17. cxd3 Qd8 18. Nc5 Bc8 19. Qg3 0-0 20. Kh1 Ng4 21. Bg1 Bg5 22. Rc2 Bf4 23. Qf3 f5 24. Nd5 fxe4 25. dxe4 Nh6 26. h3 Rf7 27. Nxf4 exf4 28. Rd1 Qe7 29. Rcd2 Rf8 30. b4 Kh8 31. Bd4 Qh4 32. Bc3 Bg4 33. Bxg7+ Kxg7 34. Qc3+ Kg8 35. Nd7 Bxd1 36. Nxf8 Qe1+ 37. Kh2 Rxf8 0-1

[Event "Madras zt"]
[Site "Madras"]
[Date "1995.??.??"]
[Round "8"]
[White "Safarzadeh, Esmail"]
[Black "Amarawickrama, Himan Udama"]
[Result "1-0"]
[WhiteElo "2275"]
[BlackElo "2000"]
[PlyCount "119"]
[EventDate "1995.??.??"]
[EventType "swiss"]
[EventRounds "11"]
[EventCountry "IND"]
[SourceTitle "EXT 1997"]
[Source "ChessBase"]
[SourceDate "1996.11.15"]
[SourceVersion "1"]
[SourceVersionDate "1996.11.15"]
[SourceQuality "1"]

1. e4 c5 2. Nf3 Nc6 3. Bb5 g6 4. 0-0 Bg7 5. c3 e5 6. Na3 Nge7 7. Nc2 0-0 8. b4 cxb4 9. d4 exd4 10. cxd4 d5 11. e5 Bf5 12. a3 Qb6 13. Bxc6 Nxc6 14. Nxb4 Nxb4 15. axb4 Rfc8 16. Ra5 Be4 17. Qb3 Rc4 18. Bd2 Bxf3 19. Qxf3 Rxd4 20. Bc3 Rc4 21. Rxd5 Rac8 22. Bd2 Qe6 23. Re1 Bf8 24. b5 b6 25. Qd3 R4c5 26. Rd7 Rxe5 27. Rxe5 Qxe5 28. Rxa7 Rc5 29. h3 Rxb5 30. Ra8 Kg7 31. Bc3 Rb1+ 32. Qxb1 Qxc3 33. Qxb6 Qc1+ 34. Kh2 Bc5 35. Qb8 Qc2 36. Qg8+ Kh6 37. Qxf7 Qxf2 38. Qxf2 Bxf2 39. g3 Kg7 40. Kg2 Bd4 41. Rd8 Bc5 42. Rd7+ Kg8 43. Kf3 Ba3 44. Ke4 Bb2 45. Kd5 Bf6 46. Ke6 Bc3 47. h4 Be1 48. Kf6 Bc3+ 49. Kg5 Bb2 50. g4 Bc1+ 51. Kf6 Bb2+ 52. Ke6 Bc1 53. h5 gxh5 54. gxh5 h6 55. Kf6 Bf4 56. Rf7 Bd2 57. Kg6 Be3 58. Re7 Bc5 59. Re8+ Bf8 60. Rd8 1-0